Todos Times que Já Jogaram a Série A do Brasileirão - Statistics

Estatísticas Gerais
  • Esse quiz foi jogado 11 042 vezes
  • A pontuação média é 67 de 157
Estatísticas das Respostas
Participações Cidade Melhor Colocação Última Participação Time % Correto
55 Rio de Janeiro 1° (6 vezes) 2020 Flamengo
97%
7 Teresina 17° (1966) 1985 Flamengo-PI
97%
60 Santos 1° (8 vezes) 2020 Santos
97%
61 Porto Alegre 1° (2 vezes) 2020 Grêmio
96%
57 São Paulo 1° (10 vezes) 2020 Palmeiras
96%
53 São Paulo 1° (6 vezes) 2020 São Paulo
96%
3 Rio Grande 31° (1982) 1982 São Paulo-RS
96%
53 Rio de Janeiro 1° (4 vezes) 2020 Vasco da Gama
95%
57 Belo Horizonte 1° (1971) 2020 Atlético Mineiro
94%
56 Rio de Janeiro 1° (1995) 2020 Botafogo
94%
7 João Pessoa 20° (1980) 1986 Botafogo-PB
94%
6 Ribeirão Preto 13° (2 vezes) 2001 Botafogo-SP
94%
52 São Paulo 1° (7 vezes) 2020 Corinthians
94%
54 Rio de Janeiro 1° (4 vezes) 2020 Fluminense
94%
4 Feira de Santana 6° (1964) 1979 Fluminense de Feira
94%
54 Porto Alegre 1° (3 vezes) 2020 Internacional
94%
1 Lages 12° 1966 Internacional-SC
94%
1 Santa Maria 21° 1982 Internacional-SM
94%
59 Belo Horizonte 1° (4 vezes) 2019 Cruzeiro
93%
48 Salvador 1° (2 vezes) 2020 Bahia
92%
44 Curitiba 1° (2001) 2020 Athlético Paranaense
89%
41 Goiânia 3° (2005) 2020 Goiás
88%
22 Fortaleza 2° (2 vezes) 2020 Fortaleza
87%
41 Recife 1° (1987) 2020 Sport Recife
87%
40 Curitiba 1° (1985) 2020 Coritiba
86%
39 Salvador 2° (1993) 2018 Vitória
86%
1 Vitória 43° 1977 Vitória-ES
86%
24 Fortaleza 3° (1964) 2020 Ceará
81%
13 Criciúma 6° (1987) 2014 Criciúma
80%
19 Rio de Janeiro 3° (1961) 1988 América Carioca
79%
1 Fortaleza 1967 América-CE
79%
15 Natal 15° (1968) 2007 América de Natal
79%
16 Belo Horizonte 7° (1973) 2018 América Mineiro
79%
1 Propriá 16° 1967 América-SE
79%
2 São José do Rio Preto 32° (1980) 1980 América-SP
79%
8 Chapecó 8° (2017) 2019 Chapecoense
78%
10 Bragança Paulista 2° (1991) 2020 Red Bull Bragantino
77%
24 Campinas 3° (1981) 2017 Ponte Preta
74%
1 Guará 94° 1979 Guará
72%
16 Caxias do Sul 7° (2 vezes) 2007 Juventude
71%
11 Goiânia 6° (1968) 2020 Atlético Goianiense
70%
4 Pelotas 3° (1985) 1985 Brasil de Pelotas
69%
27 Belém 14° (2004) 2005 Paysandu
69%
12 Joinville 8° (1985) 2015 Joinville
68%
34 Recife 2° (1967) 2013 Náutico
67%
35 São Paulo 2° (1996) 2013 Portuguesa
67%
16 Belém 7° (1993) 1994 Remo
67%
10 Florianópolis 6° (2009) 2019 Avaí
66%
16 Curitiba 5° (2006) 2018 Paraná
66%
24 Recife 4° (2 vezes) 2016 Santa Cruz
66%
2 Estância 12° (1960) 1961 Santa Cruz-SE
66%
29 Campinas 1° (1978) 2010 Guarani
64%
19 Maceió 13° (2 vezes) 2019 CSA
62%
7 São Caetano do Sul 2° (2 vezes) 2006 São Caetano
62%
17 Florianópolis 7° (2 vezes) 2016 Figueirense
61%
7 Londrina 4° (1977) 1982 Londrina
61%
4 Caxias do Sul 15° (2 vezes) 1979 Caxias
59%
2 Santo André 10° (1984) 2009 Santo André
59%
11 Maceió 12° (1962) 1984 CRB
57%
11 Rio de Janeiro 2° (1985) 1988 Bangu
55%
3 Volta Redonda 32° (1978) 1978 Volta Redonda
55%
1 Taguatinga 22° 2005 Brasiliense
54%
6 Gama 15° (1999) 2002 Gama
54%
14 Natal 11° (1960) 1985 ABC
52%
9 Goiânia 12° (1963) 1985 Vila Nova-GO
47%
3 Nova Lima 33° (1979) 1985 Vila Nova-MG
47%
2 Barueri 11° (2009) 2010 Grêmio Barueri
44%
7 Limeira 12° (1986) 1990 Inter de Limeira
44%
10 Campo Grande 3° (1977) 1986 Operário-MS
40%
4 Várzea Grande 12° (1968) 1986 Operário-MT
40%
1 Ponta Grossa 88° 1979 Operário-PR
40%
1 Ipatinga 20° 2008 Ipatinga
39%
12 São Luís 13° (1965) 1986 Sampaio Corrêa
39%
1 Araraquara 12° 1983 Ferroviária
38%
1 Novo Hamburgo 74° 1979 Novo Hamburgo
34%
4 Uberlândia 9° (1979) 1985 Uberlândia
34%
11 Campina Grande 5° (1962) 1981 Campinense
33%
3 Piracicaba 13° (1979) 1979 XV de Piracicaba
33%
1 Arapiraca 40° 1979 ASA
32%
6 Fortaleza 27° (1981) 1984 Ferroviário
31%
3 Curitiba 9° (1966) 1967 Ferroviário-PR
31%
16 Manaus 16° (1985) 1986 Nacional
30%
1 Anápolis 10° 1966 Anápolis
29%
11 São Luís 8° (1968) 1984 Moto Club
28%
6 Uberaba 9° (1981) 1983 Uberaba
28%
2 São José dos Campos 12° (1982) 1982 São José-SP
27%
12 Aracaju 15° (1962) 1986 Sergipe
27%
12 Vitória 7° (1963) 1987 Rio Branco
26%
1 Campos dos Goytacazes 1962 Rio Branco-RJ
26%
4 Goiânia 28° (1975) 1979 Goiânia
25%
5 Itabaiana 35° (1980) 1982 Itabaiana
25%
9 Campina Grande 8° (1967) 1987 Treze
25%
8 Aracaju 9° (1964) 1984 Confiança
24%
1 São Paulo 36° 1983 Juventus
24%
2 Jaú 20° (1982) 1982 XV de Jaú
23%
4 Anápolis 10° (1982) 1984 Anapolina
22%
7 Brasília 32° (1985) 1985 Brasília
22%
6 Campos dos Goytacazes 9° (2 vezes) 1979 Goytacaz
21%
1 Itumbiara 68° 1979 Itumbiara
21%
2 Capela 10° (1960) 1963 {Capel}ense
20%
2 Itabuna 67° (1978) 1979 Itabuna
20%
8 Teresina 13° (1963) 1982 River
19%
1 Sobradinho 36° 1986 Sobradinho
19%
4 Belém 9° (1959) 1986 Tuna Luso
19%
1 Poços de Caldas 30° 1979 Caldense
18%
1 Colatina 89° 1979 Colatina
18%
6 Campo Grande 23° (1983) 1986 Comercial-MS
18%
1 Cornélio Procópio 14° 1962 Comercial-PR
18%
2 Ribeirão Preto 14° (1979) 1979 Comercial-SP
18%
1 Taguatinga 42° 1982 Taguatinga
18%
4 Araras 12° (1993) 1997 União São João
18%
2 Rio de Janeiro 24° (1983) 1983 Campo Grande-RJ
17%
8 Cuiabá 14° (1985) 1985 Mixto
17%
1 Sorocaba 15° 1979 São Bento
17%
8 Campos dos Goytacazes 8° (1966) 1983 Americano
16%
3 São Luís 14° (1964) 1980 Maranhão
16%
15 Cariacica 15° (1980) 1993 Desportiva Ferroviária
14%
5 Curitiba 15° (1983) 1983 {Color}ado
13%
1 Niterói 14° 1959 Manufatora
13%
2 Rio de Janeiro 29° (1974) 1974 Olaria
13%
4 Teresina 10° (1968) 1986 Piauí
13%
1 Franca 55° 1979 Francana
12%
1 Curitiba 19° 1969 {Água} Verde
11%
2 Caruaru 33° (1986) 1986 Central
11%
6 Maringá 6° (2 vezes) 1982 Grêmio Maringá
11%
5 Teresina 19° (1973) 1983 {Tiraden}tes
11%
1 Bauru 28° 1978 Noroeste
10%
1 Catu 40° 1984 Catuense
9%
5 Criciúma 5° (1968) 1968 {Metro}pol
9%
2 Curitiba 33° (1985) 1985 {Pinhei}ros
9%
7 Manaus 26° (1974) 1983 Rio Negro
9%
1 Corumbá 42° 1985 Corumbaense
8%
1 Mossoró 79° 1979 Potiguar
8%
3 Natal 19° (1965) 1986 Alecrim
7%
1 Curitiba 15° 2000 Malutrom
7%
3 Manaus 24° (1977) 1979 Fast Clube
6%
2 Salvador 25° (1981) 1983 Galícia
6%
3 Cuiabá 31° (1978) 1979 Dom Bosco
5%
1 Tubarão 13° 1959 Hercílio Luz
5%
1 Sabará 1965 {Siderúr}gica
5%
1 João Pessoa 15° 1959 Auto Esporte-PB
4%
1 Teresina 32° 1984 Auto Esporte-PI
4%
3 Brasília 31° (1975) 1975 CEUB
4%
3 Niterói 14° (1961) 1963 {Fons}eca
4%
3 Simões Filho 11° (1967) 1985 Leônico
4%
1 Manaus 17° 1968 {Olímp}ico-AM
4%
1 Blumenau 12° 1965 {Olímp}ico-SC
4%
1 Videira 21° 1967 {Perdi}gão
4%
2 Vitória 13° (1962) 1962 Santo {Antônio}
4%
1 Cruzeiro 19° 1964 Cru{zeiro do Sul}
3%
1 Niterói 18° 1965 {Eletro}vapo
3%
1 João Pessoa 17° 1960 {Estrela do} Mar
3%
1 São Luís 11° 1959 Fe{rroviário-MA}
3%
1 Florianópolis 14° 1960 {Paula} Ramos
3%
3 Brasília 16° (1968) 1968 {Rab}ello
3%
1 Brasília 18° 1963 De{felê}
2%
1 Brasília 22° 1965 {Guanab}ara-DF
2%
Nenhum quiz correspondente encontrado
Distribuição das Pontuações
Porcentagem de Pessoas com Cada Pontuação
Percentil de Números Respondidos
Sua Pontuação Histórica
Você não jogou esse quiz